000 00356 a2200169 4500
001 175256
020 _a85-08-08922-8
040 _cMagnum
100 _aVesentini, José William
240 1 0 _aSociedade e espaço
_lpor
245 1 0 _aSociedade e espaço
300 _a384
362 0 _a2003
440 1 _aÁtica
697 _aGEOGRAFIA
942 _cBK
999 _c175256
_d175256